Logo CIB grande

ECONOMIA PARA INGENIEROS (Registro nro. 193921)

Detalles MARC
000 -LEADER
campo de control de longitud fija 00560nam a2200241Ia 4500
005 - FECHA Y HORA DE LA ÚLTIMA TRANSACCIÓN
campo de control 20250425160657.0
008 - DATOS DE LONGITUD FIJA--INFORMACIÓN GENERAL
campo de control de longitud fija 250425s9999 xx 000 0 und d
020 ## - NÚMERO INTERNACIONAL ESTÁNDAR DEL LIBRO
Número Internacional Estándar del Libro 968622355X
041 ## - CÓDIGO DE IDIOMA
Código de lengua del texto/banda sonora o título independiente spa
082 ## - NÚMERO DE LA CLASIFICACIÓN DECIMAL DEWEY
Número de clasificación 658.15
010 ## - NÚMERO DE CONTROL DE LA BIBLIOTECA DEL CONGRESO
Número de control de LC 2064
100 ## - ENTRADA PRINCIPAL--NOMBRE DE PERSONA
Nombre de persona MEDINA NAVA, CELIA
245 #0 - MENCIÓN DEL TÍTULO
Título ECONOMIA PARA INGENIEROS
250 ## - MENCION DE EDICION
Mención de edición 1A ED.
260 ## - PUBLICACIÓN, DISTRIBUCIÓN, ETC.
Lugar de publicación, distribución, etc. MEXICO
260 ## - PUBLICACIÓN, DISTRIBUCIÓN, ETC.
Lugar de publicación, distribución, etc. México
Nombre del editor, distribuidor, etc. ALFAOMEGA
Fecha de publicación, distribución, etc. 1992
300 ## - DESCRIPCIÓN FÍSICA
Extensión 100
650 ## - PUNTO DE ACCESO ADICIONAL DE MATERIA--TÉRMINO DE MATERIA
Término de materia o nombre geográfico como elemento de entrada COSTOS DE PRODUCCION
650 ## - PUNTO DE ACCESO ADICIONAL DE MATERIA--TÉRMINO DE MATERIA
Término de materia o nombre geográfico como elemento de entrada DEMANDA
650 ## - PUNTO DE ACCESO ADICIONAL DE MATERIA--TÉRMINO DE MATERIA
Término de materia o nombre geográfico como elemento de entrada INGENIERIA ECONOMICA
650 ## - PUNTO DE ACCESO ADICIONAL DE MATERIA--TÉRMINO DE MATERIA
Término de materia o nombre geográfico como elemento de entrada MICROECONOMIA
942 ## - ELEMENTOS DE ENTRADA SECUNDARIOS (KOHA)
Tipo de ítem Koha Libros
Existencias
Estatus retirado Estado de pérdida Estado de daño No para préstamo Biblioteca de origen Biblioteca actual Fecha de adquisición Coste, precio normal de compra Total de préstamos Código de barras Copia número Tipo de ítem Koha
        CENTRO DE INFORMACIÓN BIBLIOTECARIA CENTRO DE INFORMACIÓN BIBLIOTECARIA 24/07/2000 1.00   31050 1 Libros

Copyright 2025 ESPOL. Todos los derechos reservados.